000 00338nam a22001337a 4500
005 20260311153403.0
020 _a978-93-6224-520-5
082 _a338.3727KUM/F
245 _aFisheries Entrepreneurship/
_ced by Bharat Kumar
260 _a.-NewDelhi
_b:DPH
_c,2025
300 _a239p
700 _aKumar,Bharat ed
_911654
942 _2ddc
_cBK
999 _c757515
_d757515